000 00679cab a2200193 4500
001 ABS38048
008 090401t1987 xxu||||| |||| 00| 0 eng d
035 _a(Sirsi) u8360
041 _aeng
100 _aBone, S.
245 _aFire protection and security
260 _c1987
350 _a0
490 _aArchitect
_v94(8) August 1987, 55-65(8)
520 _aA feature on fire safety and security , discussing the role of fire engineers and examining recent developments in fire protection systems, steelwork protection, sprinklers , smoke control , fire alarm systems and security.
690 _aBUILT ENVIRONMENT-BUILDING STANDARDS
942 _n0
948 _c04/03/1997
999 _c5139
_d5139